书目信息 |
| 题名: |
逻辑与演绎科学方法论
|
|
| 作者: | 塔尔斯基 著 ;晏成书 , 周礼全 , 吴允曾 译 | |
| 分册: | ||
| 出版信息: | 北京 商务印书馆 1963.3 |
|
| 页数: | 216页 | |
| 开本: | 21cm | |
| 丛书名: | ||
| 单 册: | ||
| 中图分类: | B81-05 | |
| 科图分类: | ||
| 主题词: | 逻辑--科学--关系 | |
| 电子资源: | ||
| ISBN: | ||
| 000 | 00719nam0 2200241 45 | |
| 001 | 0307030800 | |
| 005 | 20070801153045.82 | |
| 010 | @dCNY0.75 | |
| 091 | @a2017.82 | |
| 100 | @a20030703d1963 km y0chiy0120 ea | |
| 101 | 0 | @achi@crus |
| 200 | 1 | @a逻辑与演绎科学方法论@ALuo Ji Yu Yan Yi Ke Xue Fang Fa Lun@f(苏)塔尔斯基著@F(Su)Ta Er Si Ji Zhu@g周礼全,吴允曾,晏成书译 |
| 210 | @a北京@c商务印书馆@d1963.3 | |
| 215 | @a216页@d21cm | |
| 300 | @a附录:索引 | |
| 606 | 0 | @a逻辑@x科学@x关系 |
| 690 | @aB81-05@v3 | |
| 701 | 0 | @a塔尔斯基@4著 |
| 702 | 0 | @a晏成书@AYan Cheng Shu@4译 |
| 702 | 0 | @a周礼全@AZhou Li Quan@4译 |
| 702 | 0 | @a吴允曾@AWu Yun Ceng@4译 |
| 801 | @aCN@bTSTC@c20070801 | |
| 905 | @dB81-05@e169@f1@b36069 | |
| 逻辑与演绎科学方法论/(苏)塔尔斯基著/周礼全,吴允曾,晏成书译.-北京:商务印书馆,1963.3 |
| 216页;21cm |
| 附录:索引 |
| ISBN :CNY0.75 |
| ● |
| 相关链接 |
|
|
|
|
正题名:逻辑与演绎科学方法论
索取号:B81-05/169
 
预约/预借
| 序号 | 登录号 | 条形码 | 馆藏地/架位号 | 状态 | 备注 |
| 1 | 0036066 | 001825467 | 密集书库/ [索取号:B81-05/169] | 在馆 | |
| 2 | 0036067 | 000577003 | 密集书库/ [索取号:B81-05/169] | 在馆 | |
| 3 | 0036069 | 002041640 | 第一样本阅览室/ [索取号:B81-05/169] | 在馆 | |
| 4 | 0036070 | 000576996 | 密集书库/ [索取号:B81-05/169] | 在馆 | |
| 5 | 0439950 | 204399506 | 密集书库/ [索取号:B81-05/169] | 在馆 | |
| 6 | 0440221 | 204402217 | 密集书库/ [索取号:B81-05/169] | 在馆 | |
| 7 | 0440222 | 204402226 | 密集书库/ [索取号:B81-05/169] | 在馆 | |
| 8 | 0790998 | 207909986 | 密集书库/ [索取号:B81-05/169] | 在馆 |